[Event "FIDE World Rapid Team"]
[Site "Almaty KAZ"]
[Date "2024.08.02"]
[Round "1.8"]
[White "Mamedov, Edgar"]
[Black "Ishmukhamedov, Akhmet"]
[Result "1-0"]
[WhiteTitle "FM"]
[WhiteElo "2443"]
[BlackElo "1978"]
[WhiteTeam "Teniz Kazakhstan"]
[BlackTeam "Chess Dream"]
[WhiteFideId "13739980"]
[BlackFideId "13701916"]
[EventDate "2024.08.02"]

1. d4 Nf6 2. c4 e6 3. Nf3 b6 4. g3 Bb7 5. Bg2 Bb4+ 6. Nbd2 O-O 7. O-O Bxd2 8.
Qxd2 d6 9. b3 Nbd7 10. Bb2 Ne4 11. Qc2 f5 12. Rad1 Qe7 13. d5 e5 14. Nh4 g6 15.
Bxe4 fxe4 16. Qxe4 Rae8 17. Ng2 a5 18. Qc2 Bc8 19. e4 Nc5 20. f3 Bd7 21. Rf2 b5
22. cxb5 Bxb5 23. Bc1 Rf7 24. Be3 Na6 25. Qc3 a4 26. Rc1 axb3 27. axb3 Ref8 28.
Bh6 Rb8 29. Be3 Rbf8 30. Ne1 g5 31. Qd2 Rg7 32. Ng2 h5 33. Kh1 Kh7 34. Re1 Nc5
35. Bxc5 dxc5 36. Ne3 Bd7 37. Rd1 Rgf7 38. Qe2 Rf6 39. Rd3 Qf7 40. Nc4 Qe7 41.
Qb2 Re8 42. Qd2 Kg6 43. d6 cxd6 44. Nxd6 Ref8 45. Nc4 Bg4 46. Qc3 Re8 47. Rd5
Be6 48. Nxe5+ Kh6 49. Rxc5 Bxb3 50. Nc6 Qf7 51. Qe3 Rg8 52. h4 Rf4 53. hxg5+
Rxg5 54. Rxg5 Kxg5 55. Qxf4+ Qxf4 56. gxf4+ Kxf4 57. Kg2 1-0

[Event "FIDE World Rapid Team"]
[Site "Almaty KAZ"]
[Date "2024.08.02"]
[Round "1.9"]
[White "Lysakov, Anton"]
[Black "Sapenov, Daniyal"]
[Result "0-1"]
[BlackTitle "FM"]
[WhiteElo "1947"]
[BlackElo "2311"]
[WhiteTeam "Chess Dream"]
[BlackTeam "Teniz Kazakhstan"]
[WhiteFideId "4193750"]
[BlackFideId "13728911"]
[EventDate "2024.08.02"]

1. e4 e5 2. Nf3 Nc6 3. Bc4 Nf6 4. Ng5 d5 5. exd5 Na5 6. Bb5+ c6 7. dxc6 bxc6 8.
Bd3 Nd5 9. Nf3 Bd6 10. Nc3 O-O 11. Bf1 e4 12. Nd4 Re8 13. Nxd5 cxd5 14. Bb5 Bd7
15. Bxd7 Qxd7 16. O-O Be5 17. c3 Qc7 18. h3 Bxd4 19. cxd4 Qc4 20. b3 Qxd4 21.
Rb1 Nc6 22. Bb2 Qb6 23. a3 Ne5 24. Bxe5 Rxe5 25. b4 h5 26. Rc1 d4 27. Qc2 a5 28.
Qc7 Qxc7 29. Rxc7 axb4 30. axb4 Ra2 31. Rb1 Rb5 32. Rc5 Rxc5 33. bxc5 Rxd2 34.
Rc1 d3 0-1

[Event "FIDE World Rapid Team"]
[Site "Almaty KAZ"]
[Date "2024.08.02"]
[Round "1.10"]
[White "Nurgaliyev, Sauat"]
[Black "Minnekhanov, Eldar"]
[Result "1-0"]
[WhiteTitle "FM"]
[WhiteElo "2380"]
[BlackElo "1750"]
[WhiteTeam "Teniz Kazakhstan"]
[BlackTeam "Chess Dream"]
[WhiteFideId "13726285"]
[BlackFideId "13705660"]
[EventDate "2024.08.02"]

1. e4 e5 2. Nf3 Nc6 3. Bb5 a6 4. Ba4 Nf6 5. O-O Nxe4 6. d4 b5 7. Bb3 d5 8. dxe5
Be6 9. Nbd2 Nc5 10. c3 d4 11. cxd4 Nxd4 12. Bxe6 Ncxe6 13. Nb3 c5 14. Nfxd4 cxd4
15. f4 Qb6 16. f5 d3+ 17. Kh1 Nd4 18. Be3 Bc5 19. Nxc5 Qxc5 20. Qxd3 Rd8 21.
Rad1 Qc2 22. Bxd4 1-0

[Event "FIDE World Rapid Team"]
[Site "Almaty KAZ"]
[Date "2024.08.02"]
[Round "1.11"]
[White "Bozhgulova, Zaynabkhan"]
[Black "Balabayeva, Xeniya"]
[Result "0-1"]
[BlackTitle "WIM"]
[WhiteElo "1605"]
[BlackElo "2335"]
[WhiteTeam "Chess Dream"]
[BlackTeam "Teniz Kazakhstan"]
[WhiteFideId "13727443"]
[BlackFideId "13719688"]
[EventDate "2024.08.02"]

1. b3 Nf6 2. Bb2 e6 3. e3 d5 4. Nf3 c5 5. d4 a6 6. c4 cxd4 7. Nxd4 Bb4+ 8. Bc3
Bxc3+ 9. Nxc3 dxc4 10. Bxc4 b5 11. Ndxb5 axb5 12. Qxd8+ Kxd8 13. Nxb5 Bd7 14.
Nc3 Nc6 15. Rd1 Ke7 16. f3 Rhc8 17. Na4 Rc7 18. g4 Nb4 19. Nb6 Rxa2 20. O-O Rb7
21. g5 Rxb6 22. gxf6+ gxf6 23. Rd4 Nc6 24. Rh4 Ne5 25. Rd1 Nxf3+ 0-1

[Event "FIDE World Rapid Team"]
[Site "Almaty KAZ"]
[Date "2024.08.02"]
[Round "1.12"]
[White "Fedorov, Grigory"]
[Black "Yessengali, Alikhan"]
[Result "0-1"]
[WhiteElo "1904"]
[BlackElo "1529"]
[WhiteTeam "Teniz Kazakhstan"]
[BlackTeam "Chess Dream"]
[WhiteFideId "4123530"]
[BlackFideId "447015020"]
[EventDate "2024.08.02"]

1. e4 Nf6 2. e5 Nd5 3. c4 Nb6 4. d4 d6 5. f4 dxe5 6. fxe5 Nc6 7. Be3 Bf5 8. Nc3
e6 9. Nf3 Bb4 10. Be2 O-O 11. O-O Ne7 12. Qb3 Bxc3 13. Qxc3 c6 14. b4 Rc8 15. a4
Bg4 16. a5 Nd7 17. Bg5 f6 18. exf6 Nxf6 19. Bxf6 Rxf6 20. Rad1 Nf5 21. Rfe1 Rh6
22. Ne5 Bxe2 23. Rxe2 Qh4 24. Nf3 Qf4 25. Rde1 Kf7 26. Re4 Qd6 27. g3 Re8 28.
Re5 Rf6 29. d5 cxd5 30. cxd5 h6 31. dxe6+ Rexe6 32. Rxe6 Rxe6 33. Rxe6 Qxe6 34.
Qc7+ Qe7 35. Ne5+ Kf6 36. Qxe7+ Nxe7 37. Nd7+ Kf5 38. Kf2 Nc6 39. Nc5 b6 40.
axb6 axb6 41. Nd7 b5 42. Ke3 Nxb4 43. Kd4 Kg4 44. Kc5 Nd3+ 45. Kxb5 Kh3 46. Kc4
Nf2 47. Kd5 Kxh2 48. Ke6 Kxg3 49. Kf5 h5 50. Ne5 h4 51. Nc4 h3 52. Ne3 Nd1 53.
Nf1+ 0-1

[Event "FIDE World Rapid Team"]
[Site "Almaty KAZ"]
[Date "2024.08.02"]
[Round "1.13"]
[White "Tin, Jingyao"]
[Black "Shonazarov, Orash"]
[Result "1-0"]
[WhiteTitle "GM"]
[BlackTitle "FM"]
[WhiteElo "2575"]
[BlackElo "2277"]
[WhiteTeam "Theme International Trading"]
[BlackTeam "Chess Empire"]
[WhiteFideId "5804418"]
[BlackFideId "13737910"]
[EventDate "2024.08.02"]

1. d4 d5 2. c4 c6 3. Nf3 Nf6 4. Nc3 e6 5. Bg5 h6 6. Bh4 Be7 7. e3 O-O 8. a3 b6
9. Bd3 Bb7 10. O-O Nbd7 11. Qe2 Ne4 12. Bxe7 Nxc3 13. Bxd8 Nxe2+ 14. Bxe2 Rfxd8
15. b4 dxc4 16. Bxc4 c5 17. dxc5 bxc5 18. Be2 Rab8 19. b5 Bxf3 20. gxf3 Ne5 21.
Rfc1 c4 22. a4 Rd2 23. Kf1 g5 24. f4 gxf4 25. exf4 Ng6 26. Rxc4 Rbd8 27. a5 Ne7
28. Bf3 Nd5 29. f5 Rb2 30. b6 axb6 31. a6 Kf8 32. a7 Ra8 33. fxe6 fxe6 34. Bxd5
exd5 35. Rc7 Kg8 36. Rb7 Rf8 37. a8=Q Rxf2+ 38. Kg1 1-0

[Event "FIDE World Rapid Team"]
[Site "Almaty KAZ"]
[Date "2024.08.02"]
[Round "1.14"]
[White "Nurgalimov, Chingis"]
[Black "Jumabayev, Rinat"]
[Result "0-1"]
[BlackTitle "GM"]
[WhiteElo "2035"]
[BlackElo "2577"]
[WhiteTeam "Chess Empire"]
[BlackTeam "Theme International Trading"]
[WhiteFideId "4194292"]
[BlackFideId "13702661"]
[EventDate "2024.08.02"]

1. e4 c5 2. Nf3 e6 3. d4 cxd4 4. Nxd4 a6 5. Nc3 b5 6. Bd3 Bb7 7. O-O Nc6 8. Nb3
Nf6 9. Be3 Be7 10. f4 d6 11. Qf3 Nb4 12. Qg3 Nxd3 13. cxd3 O-O 14. a3 Kh8 15.
Nd4 Rc8 16. Rac1 Qd7 17. Qh3 Bd8 18. Nf3 a5 19. b4 axb4 20. axb4 Be7 21. g4 Ne8
22. g5 f5 23. gxf6 Rxf6 24. Nd4 Rg6+ 25. Kh1 Rh6 26. Qg3 Nf6 27. f5 Rh5 28. fxe6
Qe8 29. Nf5 Rxf5 30. Rxf5 Bf8 31. Nd5 Rxc1+ 32. Bxc1 Qxe6 33. Nxf6 Qxf5 34. Ng4
Qf1+ 35. Qg1 Qxd3 36. Nf2 Bxe4+ 37. Nxe4 Qxe4+ 38. Qg2 Qxg2+ 0-1

[Event "FIDE World Rapid Team"]
[Site "Almaty KAZ"]
[Date "2024.08.02"]
[Round "1.15"]
[White "Siddharth, Jagadeesh"]
[Black "Ermekbaev, Iliyas"]
[Result "1-0"]
[WhiteTitle "IM"]
[WhiteElo "2516"]
[BlackElo "1621"]
[WhiteTeam "Theme International Trading"]
[BlackTeam "Chess Empire"]
[WhiteFideId "5818320"]
[BlackFideId "13784420"]
[EventDate "2024.08.02"]

1. e4 c5 2. Nf3 d6 3. Nc3 Nf6 4. Be2 e6 5. d4 cxd4 6. Nxd4 a6 7. a4 Nc6 8. Nxc6
bxc6 9. O-O Be7 10. Qd3 O-O 11. Qg3 Re8 12. Bh6 Bf8 13. Bg5 Rb8 14. e5 dxe5 15.
Rad1 Qe7 16. Qxe5 Rb4 17. Bf3 Nd7 18. Bxe7 Nxe5 19. Bxb4 Nxf3+ 20. gxf3 Bxb4 21.
Ne4 Bb7 22. Rd7 Ba8 23. Rfd1 a5 24. Nd6 Bxd6 25. R1xd6 c5 26. Rd8 Kf8 27. Rxe8+
Kxe8 28. Kg2 Bd5 29. Ra6 Kd7 30. Ra7+ Ke8 31. Rxa5 g6 32. Rxc5 1-0

[Event "FIDE World Rapid Team"]
[Site "Almaty KAZ"]
[Date "2024.08.02"]
[Round "1.16"]
[White "Sartbayev, Askar"]
[Black "Wong, Zhenyong Jayden"]
[Result "0-1"]
[BlackTitle "FM"]
[WhiteElo "1702"]
[BlackElo "2397"]
[WhiteTeam "Chess Empire"]
[BlackTeam "Theme International Trading"]
[WhiteFideId "13751190"]
[BlackFideId "5821975"]
[EventDate "2024.08.02"]

1. e4 c5 2. Nf3 e6 3. d4 cxd4 4. Nxd4 Nc6 5. Nxc6 bxc6 6. c4 Nf6 7. Nc3 Bb4 8.
e5 Ne4 9. Bd2 Bxc3 10. Bxc3 Nxc3 11. bxc3 Qa5 12. Qd4 O-O 13. Bd3 Rb8 14. O-O c5
15. Qh4 g6 16. Rae1 Qxc3 17. Re3 Qd4 18. Qh6 f5 19. Rfe1 Rb2 20. Rf1 Rf7 21. h4
f4 22. Rh3 Qxe5 23. h5 g5 24. g3 Qg7 25. Qxg7+ Kxg7 26. h6+ Kf8 27. Rh5 Rd2 28.
Be4 d5 29. Bg2 fxg3 30. fxg3 Rxf1+ 31. Kxf1 Ba6 32. Rxg5 Bxc4+ 33. Kg1 Bd3 34.
Bh3 Ke7 35. Rg7+ Kf6 36. Rxa7 c4 37. Ra6 Bf5 38. g4 Bg6 39. g5+ Kxg5 40. Bxe6 c3
41. Rc6 c2 0-1

[Event "FIDE World Rapid Team"]
[Site "Almaty KAZ"]
[Date "2024.08.02"]
[Round "1.17"]
[White "Gong, Qianyun"]
[Black "Adilbekuly, Altair"]
[Result "1-0"]
[WhiteTitle "WGM"]
[WhiteElo "2250"]
[BlackElo "1694"]
[WhiteTeam "Theme International Trading"]
[BlackTeam "Chess Empire"]
[WhiteFideId "8602425"]
[BlackFideId "13763130"]
[EventDate "2024.08.02"]

1. e4 c5 2. Nf3 d6 3. d4 cxd4 4. Qxd4 Nc6 5. Bb5 Bd7 6. Bxc6 Bxc6 7. Nc3 e6 8.
Bg5 Nf6 9. O-O-O Be7 10. Rhe1 b5 11. Bxf6 gxf6 12. Nd5 exd5 13. exd5 Bd7 14.
Qxf6 Rg8 15. Qh6 Bf5 16. Nd4 Kd7 17. Kb1 Bg5 18. Qh5 Qf6 19. Qf3 Bg6 20. Qh3+
Kc7 21. Qc3+ Kd8 22. Qa5+ Kc8 23. Qa6+ Kd8 24. Nc6+ Kc7 25. Re7+ Qxe7 26. Nxe7
Bxe7 27. Qc6+ Kb8 28. Qxb5+ Kc7 29. Qc6+ Kb8 30. Rd4 a5 31. Qb6+ Kc8 32. Rc4+
Kd7 33. Qc6+ 1-0

[Event "FIDE World Rapid Team"]
[Site "Almaty KAZ"]
[Date "2024.08.02"]
[Round "1.18"]
[White "Zhumagali, Raian"]
[Black "Zhang, Changjie"]
[Result "1-0"]
[WhiteTitle "WCM"]
[WhiteElo "1632"]
[BlackElo "1809"]
[WhiteTeam "Chess Empire"]
[BlackTeam "Theme International Trading"]
[WhiteFideId "13730150"]
[BlackFideId "5801877"]
[EventDate "2024.08.02"]

1. e4 e6 2. d4 d5 3. Nd2 c5 4. exd5 exd5 5. Bb5+ Nc6 6. Qe2+ Qe7 7. dxc5 Qxe2+
8. Nxe2 Bxc5 9. Nb3 Bb6 10. O-O Ne7 11. Bd2 O-O 12. Bc3 Be6 13. Ned4 Nxd4 14.
Bxd4 Bxd4 15. Nxd4 a6 16. Ba4 b5 17. Bb3 Ng6 18. Rfe1 Rfe8 19. Rad1 Rab8 20. Nc6
Rbc8 21. Nd4 Kf8 22. c3 Rb8 23. Nc6 Rbc8 24. Nd4 Rb8 25. Kf1 Rbc8 26. f3 h5 27.
Nc2 Red8 28. Kf2 Ne7 29. Nd4 Rd6 30. Re5 g6 31. Rde1 Nc6 32. Nxe6+ fxe6 33. Rxe6
Rcd8 34. Bxd5 Rxe6 35. Bxe6 Ne7 36. Bb3 Nf5 37. Bc2 Rd2+ 38. Re2 Rd6 39. Bxf5
gxf5 40. Kg3 Kf7 41. Kf4 Kf6 42. Ke3 Kg5 43. Rd2 f4+ 44. Ke2 Re6+ 45. Kf2 Kf6
46. Rd4 Kg5 47. g3 fxg3+ 48. hxg3 Kg6 49. Rd5 Rc6 50. f4 b4 51. cxb4 Rc2+ 52.
Ke3 Rxb2 53. a3 Rb3+ 54. Rd3 Rb1 55. Rd6+ Kf5 56. Rxa6 Rb3+ 57. Kf2 Rb2+ 58. Kg1
Rb1+ 59. Kh2 Kg4 60. Rg6+ Kf3 61. Rc6 Rb3 62. f5 Rxa3 63. f6 Ra2+ 64. Kh3 Ra7
65. b5 Rb7 66. b6 Ke4 67. Kh4 Kf5 68. Kh3 Ke5 69. g4 Kd5 70. Rc7 hxg4+ 71. Kxg4
Rxb6 72. f7 Rf6 73. Kg5 1-0

[Event "FIDE World Rapid Team"]
[Site "Almaty KAZ"]
[Date "2024.08.02"]
[Round "1.19"]
[White "Tuleyeva-Aketayeva, Dana"]
[Black "Sychev, Klementy"]
[Result "0-1"]
[WhiteTitle "WIM"]
[BlackTitle "GM"]
[WhiteElo "2130"]
[BlackElo "2531"]
[WhiteTeam "Abai Chess Team"]
[BlackTeam "World Champions Higher School"]
[WhiteFideId "13701932"]
[BlackFideId "4114060"]
[EventDate "2024.08.02"]

1. Nf3 d5 2. g3 Nf6 3. Bg2 c5 4. d4 cxd4 5. Nxd4 e5 6. Nb3 Nc6 7. O-O Be7 8. Bg5
Be6 9. Nc3 d4 10. Bxf6 gxf6 11. Ne4 Qb6 12. a4 a5 13. Kh1 f5 14. Ned2 O-O-O 15.
c3 Kb8 16. Qc2 Rc8 17. e4 d3 18. Qd1 fxe4 19. Bxe4 Rhd8 20. Nc1 f5 21. Bg2 Qxb2
22. Rb1 Qc2 23. Qe1 Qxc3 24. Ncb3 e4 25. Qe3 Bb4 26. Rfc1 Qe5 27. Nc4 Bxc4 28.
Rxc4 Qd5 29. Rcc1 Ne5 30. Rd1 Ng4 31. Qf4+ Bd6 32. Qd2 Rc2 33. Qxa5 Nxf2+ 34.
Kg1 Qxa5 35. Nxa5 Nxd1 36. Rxd1 Rdc8 37. Nb3 Rb2 38. Nd4 Bc5 0-1

[Event "FIDE World Rapid Team"]
[Site "Almaty KAZ"]
[Date "2024.08.02"]
[Round "1.20"]
[White "Shubin, Kirill"]
[Black "Akylbek, Zhaksylyk"]
[Result "1-0"]
[WhiteTitle "IM"]
[WhiteElo "2459"]
[BlackElo "1662"]
[WhiteTeam "World Champions Higher School"]
[BlackTeam "Abai Chess Team"]
[WhiteFideId "34119962"]
[BlackFideId "13725980"]
[EventDate "2024.08.02"]

1. e4 c6 2. d4 d5 3. exd5 cxd5 4. Bd3 Nc6 5. c3 Nf6 6. Bf4 Bg4 7. Qb3 Qd7 8. Nd2
e6 9. Ngf3 Bd6 10. Bxd6 Qxd6 11. O-O O-O 12. Rfe1 Bh5 13. Ne5 Nd7 14. f4 f6 15.
Nxd7 Qxd7 16. Qc2 Kh8 17. Nb3 Qf7 18. Re3 b6 19. Rae1 Rae8 20. Bb5 Qd7 21. Rh3
g6 22. Rh4 e5 23. dxe5 fxe5 24. fxe5 Qd8 25. Rxh5 gxh5 26. Bxc6 Re6 27. Nd4 Qh4
28. g3 Qh3 29. Qg2 Qxg2+ 30. Kxg2 Re7 31. Bxd5 h4 32. e6 hxg3 33. hxg3 Kg7 34.
g4 Kg6 35. Nf5 Rc7 36. e7 Re8 37. Bf7+ Kxf7 38. Nd6+ Kg8 39. Nxe8 1-0

[Event "FIDE World Rapid Team"]
[Site "Almaty KAZ"]
[Date "2024.08.02"]
[Round "1.21"]
[White "Abuzyarov, Arlan"]
[Black "Faizrakhmanov, Ramil"]
[Result "0-1"]
[BlackTitle "IM"]
[WhiteElo "1851"]
[BlackElo "2424"]
[WhiteTeam "Abai Chess Team"]
[BlackTeam "World Champions Higher School"]
[WhiteFideId "13726820"]
[BlackFideId "24103209"]
[EventDate "2024.08.02"]

1. e4 c5 2. Nf3 d6 3. d3 Nf6 4. Be2 g6 5. O-O Bg7 6. h3 O-O 7. Be3 Nc6 8. c3 c4
9. Nbd2 cxd3 10. Bxd3 b6 11. Qe2 Bb7 12. Nd4 d5 13. Nxc6 Bxc6 14. Bd4 e6 15. e5
Nd7 16. f4 Nc5 17. Bc2 Rc8 18. Qe3 Bb7 19. g4 Re8 20. Kh2 Nd7 21. Nf3 Nb8 22.
Ng5 h6 23. Nxf7 Kxf7 24. f5 Qg5 25. Qg3 exf5 26. Bxf5 Kg8 27. Bxc8 Bxc8 28. e6
Bxd4 29. cxd4 Bxe6 30. Rae1 Nc6 31. Rf4 Qe7 32. Qd3 Kg7 33. Ref1 Nd8 34. Kg2 Bf7
35. R1f2 g5 36. Rf6 Qe4+ 37. Qxe4 dxe4 38. Rd6 Ne6 39. Rd7 Nf4+ 40. Kg3 e3 41.
Rc2 e2 0-1

[Event "FIDE World Rapid Team"]
[Site "Almaty KAZ"]
[Date "2024.08.02"]
[Round "1.22"]
[White "Orlov, Oleg"]
[Black "Matymov, Madi"]
[Result "1-0"]
[WhiteTitle "FM"]
[WhiteElo "2254"]
[BlackElo "1824"]
[WhiteTeam "World Champions Higher School"]
[BlackTeam "Abai Chess Team"]
[WhiteFideId "4166612"]
[BlackFideId "13721283"]
[EventDate "2024.08.02"]

1. e4 c5 2. Nf3 Nc6 3. Bb5 d6 4. O-O Bd7 5. Re1 e6 6. c3 Ne5 7. Bf1 Nxf3+ 8.
Qxf3 e5 9. d4 Qf6 10. Qd1 Nh6 11. Na3 Be7 12. Nb5 O-O 13. dxe5 Qxe5 14. f4 Qf6
15. Nc7 Bg4 16. Qd2 Rac8 17. Nd5 Qe6 18. f5 Qd7 19. f6 Bd8 20. fxg7 Re8 21. Qxh6
Re6 22. Qf4 Rg6 23. Be3 h5 24. Be2 Bh3 25. Bf3 Bg5 26. Qxg5 Rxg5 27. Nf6+ Kxg7
28. Nxd7 Rg6 29. Nxc5 dxc5 30. Kf2 Bg4 31. Rad1 1-0

[Event "FIDE World Rapid Team"]
[Site "Almaty KAZ"]
[Date "2024.08.02"]
[Round "1.23"]
[White "Demezhanov, Tuleubek"]
[Black "Serikbay, Assel"]
[Result "0-1"]
[BlackTitle "WIM"]
[WhiteElo "1776"]
[BlackElo "2237"]
[WhiteTeam "Abai Chess Team"]
[BlackTeam "World Champions Higher School"]
[WhiteFideId "13707272"]
[BlackFideId "13706799"]
[EventDate "2024.08.02"]

1. e4 c5 2. Nf3 d6 3. d4 cxd4 4. Qxd4 Nc6 5. Bb5 Bd7 6. Bxc6 bxc6 7. c4 e5 8.
Qd3 Nf6 9. Nc3 Be7 10. O-O O-O 11. h3 Qc7 12. b3 Rad8 13. Bg5 Bc8 14. Rac1 Nh5
15. Bxe7 Qxe7 16. Ne2 f5 17. Qe3 f4 18. Qc3 Nf6 19. Qc2 d5 20. cxd5 cxd5 21.
exd5 Nxd5 22. Qc5 Ba6 23. Rfe1 Qxc5 24. Rxc5 Rfe8 25. Ra5 Bxe2 26. Rxe2 e4 27.
Ne1 e3 28. fxe3 Nc3 29. Rc2 Rxe3 30. Nf3 Ne2+ 31. Kf2 Ng3 32. Ra4 Ne4+ 33. Kg1
g5 34. Rxa7 Ng3 35. Rc1 Ne2+ 36. Kf2 Nxc1 37. Nxg5 Rd2+ 38. Kf1 Nd3 0-1

[Event "FIDE World Rapid Team"]
[Site "Almaty KAZ"]
[Date "2024.08.02"]
[Round "1.24"]
[White "Semak, Semen"]
[Black "Akylbek, Eskendir"]
[Result "0-1"]
[WhiteElo "1639"]
[BlackElo "1603"]
[WhiteTeam "World Champions Higher School"]
[BlackTeam "Abai Chess Team"]
[WhiteFideId "55889034"]
[BlackFideId "13747860"]
[EventDate "2024.08.02"]

1. d4 d5 2. c4 c6 3. Nf3 e6 4. g3 f5 5. Bg2 Nf6 6. O-O Bd6 7. Qc2 O-O 8. Nfd2
Nbd7 9. f3 c5 10. b4 cxd4 11. c5 Be5 12. Bb2 a5 13. f4 Bc7 14. b5 Ne4 15. Bxd4
Ndf6 16. b6 Bb8 17. Nb3 Bd7 18. a4 Bc6 19. N1d2 Nxd2 20. Nxd2 Ne4 21. Nf3 Qe7
22. Ne5 Bxe5 23. fxe5 Rfc8 24. h3 Nxg3 25. Rf2 Ne4 26. Rff1 Be8 27. Kh2 Nxc5 28.
Bxc5 Qxc5 29. Qxc5 Rxc5 30. Rfb1 Rac8 31. Bf3 Rc4 32. Rg1 Rxa4 33. Rab1 Rb4 34.
Ra1 a4 35. Ra3 Rb3 36. Rga1 Rcc3 37. Kg2 Rxa3 0-1

[Event "FIDE World Rapid Team"]
[Site "Almaty KAZ"]
[Date "2024.08.02"]
[Round "1.25"]
[White "Zemlyanskii, Ivan"]
[Black "Tulegenov, Amir"]
[Result "1-0"]
[WhiteTitle "FM"]
[WhiteElo "2543"]
[BlackElo "1858"]
[WhiteTeam "Rookies"]
[BlackTeam "Baiterekchess"]
[WhiteFideId "24249971"]
[BlackFideId "13742167"]
[EventDate "2024.08.02"]

1. e4 c5 2. Nf3 d6 3. d4 cxd4 4. Nxd4 Nf6 5. Nc3 g6 6. Be3 Bg7 7. f3 a6 8. Qd2
h5 9. Bc4 Nbd7 10. a4 Qc7 11. Ba2 Ne5 12. O-O Nc4 13. Bxc4 Qxc4 14. a5 O-O 15.
Na4 Nd7 16. b3 Qc7 17. c4 Rb8 18. Nc3 e6 19. Rfd1 b6 20. axb6 Rxb6 21. Rab1 Qb8
22. Qa2 Nc5 23. b4 Nd7 24. b5 Nc5 25. Nc6 Qc7 26. Qd2 axb5 27. cxb5 Bd7 28. Qxd6
Qxd6 29. Rxd6 Bxc3 30. Ne7+ Kg7 31. Rxb6 Na4 32. Rd6 Be8 33. b6 Be5 34. Bd4
Bxd4+ 35. Rxd4 Kf6 36. b7 1-0

[Event "FIDE World Rapid Team"]
[Site "Almaty KAZ"]
[Date "2024.08.02"]
[Round "1.26"]
[White "Primbetov, Nurassyl"]
[Black "Samadov, Read"]
[Result "0-1"]
[BlackTitle "IM"]
[WhiteElo "1784"]
[BlackElo "2509"]
[WhiteTeam "Baiterekchess"]
[BlackTeam "Rookies"]
[WhiteFideId "447010193"]
[BlackFideId "13417444"]
[EventDate "2024.08.02"]

1. e4 c5 2. Nf3 d6 3. Bb5+ Nd7 4. O-O a6 5. Bxd7+ Bxd7 6. Re1 Nf6 7. d3 g6 8. b3
Bg7 9. Bb2 O-O 10. Nbd2 Re8 11. Qe2 Nxe4 12. Bxg7 Nxd2 13. Qxd2 Kxg7 14. d4 cxd4
15. Qxd4+ f6 16. Rad1 Rc8 17. c4 Bc6 18. Nd2 Qa5 19. a4 Rcd8 20. Re6 Qg5 21. g3
Bd7 22. Re3 e5 23. Qb6 Bc6 24. Ne4 Qg4 25. f3 Qe6 26. Red3 d5 27. Nc5 Qf7 28.
cxd5 Rxd5 29. Rxd5 Bxd5 30. Qd6 Bxf3 31. Rd3 Bc6 32. Re3 Qe7 33. Qxe7+ Rxe7 34.
Rd3 Kf7 35. Rd6 Rc7 36. Kf2 a5 37. Rd2 Ke7 38. Ke3 b6 39. Nd3 Bd7 40. b4 Bxa4
41. bxa5 bxa5 42. Ra2 Bb5 43. Rxa5 Bxd3 44. Kxd3 Rd7+ 45. Ke3 Ke6 46. Ra6+ Rd6
47. Ra8 h5 48. Rg8 Kf5 49. h3 Ra6 50. Rc8 Ra3+ 51. Kf2 h4 52. g4+ Kg5 53. Kg2 f5
54. gxf5 gxf5 55. Rg8+ Kf4 56. Rc8 Ra2+ 57. Kg1 e4 58. Rc5 e3 59. Rc7 Kf3 60.
Rc1 f4 61. Rf1+ Kg3 62. Rc1 f3 63. Rf1 Rg2+ 64. Kh1 Rh2+ 65. Kg1 f2+ 66. Rxf2
exf2+ 67. Kf1 Rh1+ 68. Ke2 f1=Q+ 69. Ke3 Qf3+ 70. Kd4 Rd1+ 71. Ke5 Rd5+ 72. Ke6
Qf5+ 73. Ke7 Rd7+ 74. Ke8 Qf7# 0-1

[Event "FIDE World Rapid Team"]
[Site "Almaty KAZ"]
[Date "2024.08.02"]
[Round "1.27"]
[White "Shogdzhiev, Roman"]
[Black "Omarbek, Adlet"]
[Result "1-0"]
[WhiteTitle "CM"]
[WhiteElo "2124"]
[BlackElo "1713"]
[WhiteTeam "Rookies"]
[BlackTeam "Baiterekchess"]
[WhiteFideId "55653537"]
[BlackFideId "13779842"]
[EventDate "2024.08.02"]

1. e4 c5 2. Nf3 e6 3. d4 cxd4 4. Nxd4 Nf6 5. Nc3 Nc6 6. Ndb5 Bc5 7. Bf4 O-O 8.
Bc7 Qe7 9. Bd6 Bxd6 10. Qxd6 Qd8 11. O-O-O a6 12. Nd4 Ne7 13. h4 b5 14. Nb3 Bb7
15. f3 Rc8 16. a3 Rc6 17. Qd4 d5 18. e5 Nd7 19. Bd3 Qb6 20. Rde1 Qxd4 21. Nxd4
Rc7 22. h5 Nc6 23. Nxc6 Rxc6 24. h6 g6 25. Nd1 Rfc8 26. Nf2 a5 27. Rh4 Ba6 28.
Re2 Nc5 29. b4 axb4 30. axb4 Nd7 31. Kd2 Kf8 32. Re1 Ke7 33. Ng4 Ra8 34. Ra1 Rb6
35. Ra5 Nb8 36. Ra1 Nd7 37. Rhh1 Bb7 38. Rxa8 Bxa8 39. Ra1 Bc6 40. Ra7 Bb7 41.
Ra5 Bc6 42. Ke3 Kd8 43. Kd4 Kc7 44. Nf6 Nxf6 45. exf6 Rb8 46. Ra7+ Rb7 47. Rxb7+
Bxb7 48. Bxg6 Kd6 49. Bxf7 Bc6 50. f4 Bd7 51. Bg6 Bc6 52. Bxh7 Be8 53. Bf5 exf5
54. f7 Bxf7 55. h7 Bh5 56. h8=Q Bd1 57. Qe5+ Kc6 58. Qxd5+ Kb6 59. c3 Bc2 60.
Qd6+ Kb7 61. Kc5 Be4 62. g3 Ka7 63. Kxb5 Kb7 64. Qe7+ Kb8 65. Kb6 Bc6 66. Kxc6
Ka8 67. Qb7# 1-0

[Event "FIDE World Rapid Team"]
[Site "Almaty KAZ"]
[Date "2024.08.02"]
[Round "1.28"]
[White "Shakhman, Asanali"]
[Black "Bivol, Alina"]
[Result "0-1"]
[BlackTitle "IM"]
[WhiteElo "1537"]
[BlackElo "2345"]
[WhiteTeam "Baiterekchess"]
[BlackTeam "Rookies"]
[WhiteFideId "447018860"]
[BlackFideId "4100123"]
[EventDate "2024.08.02"]

1. e4 e5 2. Nf3 Nc6 3. d4 exd4 4. Bc4 d6 5. Nxd4 g6 6. Nc3 Bg7 7. Be3 Ne5 8. Be2
Ne7 9. Qd2 a6 10. f4 Ng4 11. Bxg4 Bxg4 12. h3 Bd7 13. O-O-O b5 14. g4 c5 15. Nf3
b4 16. Ne2 Bb5 17. Kb1 Qa5 18. Qxd6 Bxe2 19. Bxc5 O-O 20. Qxe7 Bxf3 21. Rdf1
Bxh1 22. Rxh1 Rfe8 23. Bxb4 Rxe7 24. Bxa5 Rxe4 25. Bd2 Rd8 26. Bc1 Re2 27. a3 h6
28. f5 gxf5 29. gxf5 Kh7 30. Rf1 Bf6 31. Bf4 Bg5 32. Bc7 Rc8 33. Ba5 Rexc2 34.
Bc3 R2xc3 35. bxc3 Rxc3 36. Kb2 Bf6 37. Ka2 Rxh3 38. Rd1 Be7 39. Rd7 Re3 40. f6
Bxf6 41. Rxf7+ Kg6 42. Rc7 h5 43. Rc4 h4 44. Rg4+ Kf5 45. Rg1 h3 46. Rh1 Be5 47.
a4 h2 48. a5 Bg3 49. Rf1+ Kg4 50. Rh1 Re1 51. Rxe1 Bxe1 0-1